| 000 | 00541nam a2200181Ia 4500 | ||
|---|---|---|---|
| 999 |
_c8031 _d8031 |
||
| 003 | OSt | ||
| 005 | 20200709123009.0 | ||
| 008 | 190216s9999||||xx |||||||||||||| ||und|| | ||
| 020 | _a9780199597338 | ||
| 040 | _coclc | ||
| 082 |
_a658 _bGAL/S |
||
| 100 |
_aGallagher, Kevin _93696 |
||
| 245 | 0 |
_aSkills Development For Business And Management Students / _cKevin Gallagher |
|
| 260 |
_bOxford University Press, _c2012. _aNew Delhi: |
||
| 300 | _a287p | ||
| 650 | _aCommerce | ||
| 942 |
_cBK _2ddc _h658 _iGAL/S _k658 _mGAL/S |
||